[Event "NCL967 Barbican-Celtic Kts"]
[Site "Rd5"]
[Date "1997.??.??"]
[Round "5.2"]
[White "Pritchett, Craig"]
[Black "Borg, Andy"]
[Result "1-0"]
[WhiteElo "2325"]
[BlackElo "2205"]
[PlyCount "87"]
[EventDate "1997.01.25"]
[Source "J.Saunders"]
[SourceDate "1998.06.06"]

1. Nf3 d5 2. d4 Nf6 3. c4 dxc4 4. e3 e6 5. Bxc4 c5 6. O-O a6 7. Qe2 b5 8. Bb3
Bb7 9. a4 Nbd7 10. Rd1 Qb6 11. axb5 axb5 12. Rxa8+ Bxa8 13. Bc2 Ne4 14. Bxe4
Bxe4 15. Nc3 Bc6 16. e4 b4 17. Nd5 Qb7 18. Bf4 Bxd5 19. exd5 Qxd5 20. dxc5 Qc6
21. Ne5 Nxe5 22. Qxe5 f6 23. Qb8+ Kf7 24. Bd6 Bxd6 25. Qxh8 Qxc5 26. Qxh7 Qe5
27. g3 Be7 28. b3 Qe2 29. Qd3 Qe5 30. Kg2 f5 31. Rd2 Bf6 32. Qc4 Qc3 33. Rd7+
Be7 34. Qxc3 bxc3 35. Rc7 Kf6 36. Rxc3 Ke5 37. f4+ Kd5 38. Kf3 Bf6 39. Rc8 Kd6
40. h4 Kd7 41. Rc2 e5 42. fxe5 Bxe5 43. Rc5 Kd6 44. Rxe5 1-0

[Event "NCL967 Barbican-Celtic Kts"]
[Site "Rd5"]
[Date "1997.??.??"]
[Round "5.3"]
[White "Gilbert, Jonathan"]
[Black "Dishman, Stephen"]
[Result "0-1"]
[WhiteElo "2150"]
[BlackElo "2300"]
[PlyCount "64"]
[EventDate "1997.01.25"]
[Source "J.Saunders"]
[SourceDate "1998.06.06"]

1. d4 f5 2. Nc3 Nf6 3. Bg5 d5 4. Bxf6 exf6 5. e3 c6 6. Bd3 Bd6 7. Qf3 g6 8.
Nge2 Nd7 9. h4 Ne5 10. dxe5 fxe5 11. g3 e4 12. Qg2 exd3 13. cxd3 Bd7 14. d4 Qf6
15. Nf4 h6 16. O-O-O O-O-O 17. Nce2 g5 18. hxg5 hxg5 19. Nd3 Qe7 20. Rxh8 Rxh8
21. Rh1 Rf8 22. Nc3 f4 23. gxf4 gxf4 24. Nxf4 Bxf4 25. exf4 Qd6 26. Rh4 Qf6 27.
Qg5 Qxd4 28. Qg3 Bf5 29. Qe3 Qf6 30. Qxa7 Qxh4 31. Qa8+ Kc7 32. Qxf8 Qxf4+ 0-1

[Event "NCL967 Barbican-Celtic Kts"]
[Site "Rd5"]
[Date "1997.??.??"]
[Round "5.4"]
[White "Plueg, Andreas"]
[Black "Musson, Adam"]
[Result "1-0"]
[WhiteElo "2310"]
[BlackElo "2090"]
[PlyCount "115"]
[EventDate "1997.01.25"]
[Source "J.Saunders"]
[SourceDate "1998.06.06"]

1. d4 d5 2. Nf3 e6 3. Bg5 Nf6 4. e3 c5 5. c3 Qb6 6. Qb3 Nc6 7. Nbd2 Be7 8. Qxb6
axb6 9. a3 O-O 10. Bd3 cxd4 11. exd4 Bd6 12. O-O Nh5 13. Bc2 f5 14. Nb3 h6 15.
Bd2 Nf6 16. Rad1 Bd7 17. Rfe1 Ne4 18. Nc1 Na5 19. Nd3 Nc4 20. Bc1 Be8 21. Nfe5
Bxe5 22. Nxe5 Nxe5 23. dxe5 Ba4 24. Bxa4 Rxa4 25. f3 Nc5 26. Be3 Rc8 27. Rd4 b5
28. Red1 Nd7 29. Rxa4 bxa4 30. Bd4 Rc6 31. Kf2 Kf7 32. Ke3 b6 33. h4 Nc5 34. h5
Ke7 35. g4 fxg4 36. Rg1 Nb3 37. Rxg4 Kf7 38. Kd3 b5 39. f4 Rc4 40. Rg6 Nxd4 41.
cxd4 Rc1 42. f5 exf5 43. Rd6 Rd1+ 44. Ke3 Rb1 45. Rxd5 Rxb2 46. Rd7+ Ke6 47.
Rd6+ Ke7 48. Rb6 Rh2 49. d5 Rh3+ 50. Kd4 Rh4+ 51. Kc5 Rc4+ 52. Kxb5 Re4 53.
Rb7+ Ke8 54. e6 f4 55. Kc6 Rc4+ 56. Kd6 Rc8 57. Rxg7 Rd8+ 58. Ke5 1-0

[Event "NCL967 Barbican-Celtic Kts"]
[Site "Rd5"]
[Date "1997.??.??"]
[Round "5.5"]
[White "Adams, Mark"]
[Black "Rogers, Jonathan"]
[Result "0-1"]
[WhiteElo "2100"]
[BlackElo "2300"]
[PlyCount "76"]
[EventDate "1997.01.25"]
[Source "J.Saunders"]
[SourceDate "1998.06.06"]

1. e4 e5 2. Nf3 d5 3. Nxe5 Bd6 4. d4 dxe4 5. Nc3 Bxe5 6. dxe5 Qxd1+ 7. Kxd1 Nc6
8. Nxe4 Bf5 9. Bd3 Bxe4 10. Bxe4 O-O-O+ 11. Ke2 Nxe5 12. Rd1 Rxd1 13. Kxd1 Nf6
14. Bf5+ Kb8 15. Bg5 Nd5 16. Be4 f6 17. Bd2 Rd8 18. Bxd5 Rxd5 19. Ke2 b6 20. f3
Kb7 21. b3 Kc6 22. Rd1 a5 23. Be1 Rc5 24. c4 Ng6 25. Bg3 f5 26. Rd4 Nf8 27. Rd5
Ne6 28. Rxc5+ Kxc5 29. Kd3 Kb4 30. Kc2 Ka3 31. Kb1 a4 32. bxa4 Kxa4 33. Be1 Ka3
34. Bc3 g6 35. g4 Ng5 36. gxf5 gxf5 37. f4 Ne4 38. Be1 c5 0-1

[Event "NCL967 Barbican-Celtic Kts"]
[Site "Rd5"]
[Date "1997.??.??"]
[Round "5.6"]
[White "Sands, David"]
[Black "Sheehan, Anthony"]
[Result "1-0"]
[WhiteElo "2260"]
[BlackElo "2100"]
[PlyCount "49"]
[EventDate "1997.01.25"]
[Source "J.Saunders"]
[SourceDate "1998.06.06"]

1. d4 d5 2. c4 dxc4 3. e4 Nf6 4. e5 Nd5 5. Bxc4 e6 6. Nf3 c5 7. O-O Nc6 8. dxc5
Bxc5 9. Qe2 Qc7 10. a3 a6 11. Nbd2 b5 12. Ba2 Nd4 13. Nxd4 Bxd4 14. Nf3 Bb6 15.
Qe4 Bb7 16. Qg4 g6 17. Bh6 Qc2 18. Nd4 Bxd4 19. Qxd4 Qf5 20. f3 Qh5 21. Bg7 Rg8
22. Bxd5 Bxd5 23. Bf6 Qh6 24. Qc5 Qf8 25. Qc7 1-0

[Event "NCL967 Barbican-Celtic Kts"]
[Site "Rd5"]
[Date "1997.??.??"]
[Round "5.7"]
[White "Sinnett, Glyn"]
[Black "Moore, John C"]
[Result "0-1"]
[WhiteElo "2010"]
[BlackElo "2155"]
[PlyCount "88"]
[EventDate "1997.01.25"]
[Source "J.Saunders"]
[SourceDate "1998.06.06"]

1. e4 Nf6 2. Nc3 e5 3. Nf3 Nc6 4. d4 exd4 5. Nxd4 Bb4 6. Nxc6 bxc6 7. Bd3 O-O
8. O-O d5 9. Bg5 Bxc3 10. bxc3 dxe4 11. Bxf6 Qxf6 12. Bxe4 Qxc3 13. Qf3 Qxf3
14. Bxf3 Be6 15. Bxc6 Rab8 16. Be4 Rfd8 17. g3 g6 18. a3 Rd4 19. Rfe1 Rbd8 20.
Re3 Kg7 21. Rd3 Bc4 22. Rxd4 Rxd4 23. Re1 f5 24. Bf3 Kf6 25. Re3 g5 26. Kg2 h6
27. h3 a6 28. Kg1 a5 29. Kg2 Be6 30. Rc3 Rc4 31. Rxc4 Bxc4 32. Bc6 Ke5 33. f3
f4 34. gxf4+ Kxf4 35. Bd7 Bd5 36. Bg4 Ke3 37. Kg3 c5 38. Bh5 c4 39. Bg4 c3 40.
Bh5 Kd2 41. Bg6 Ke3 42. Bh5 a4 43. Be8 Bb3 44. Bg6 Kd2 0-1

[Event "NCL967 Barbican-Celtic Kts"]
[Site "Rd5"]
[Date "1997.??.??"]
[Round "5.8"]
[White "Lang, Heather"]
[Black "Wilson, Julie"]
[Result "1-0"]
[WhiteElo "2065"]
[BlackElo "1656"]
[PlyCount "65"]
[EventDate "1997.01.25"]
[Source "J.Saunders"]
[SourceDate "1998.06.06"]

1. e4 e6 2. d4 d5 3. Nc3 Bb4 4. e5 Ne7 5. a3 Bxc3+ 6. bxc3 c5 7. h4 Qc7 8. Nf3
b6 9. Bb5+ Nbc6 10. h5 h6 11. Be3 Bd7 12. Bd3 cxd4 13. cxd4 Na5 14. O-O Nc4 15.
Nh4 Ba4 16. Qg4 Rg8 17. Bh7 Nxe3 18. fxe3 Rf8 19. Qxg7 O-O-O 20. Rxf7 Rxf7 21.
Qxf7 Qc3 22. Rf1 Qxe3+ 23. Kh2 Rd7 24. Qf8+ Kc7 25. Nf3 Nc6 26. Re1 Qf2 27.
Qxh6 Nxd4 28. Re3 Ne2 29. Bd3 Qg3+ 30. Kh1 Nf4 31. Bf1 Bb5 32. Nd4 Bxf1 33.
Rxg3 1-0

[Event "NCL967 BCM-Hertford"]
[Site "Rd5"]
[Date "1997.??.??"]
[Round "5.1"]
[White "Chandler, Murray"]
[Black "Knott, Simon"]
[Result "0-1"]
[WhiteElo "2550"]
[BlackElo "2335"]
[PlyCount "88"]
[EventDate "1997.01.25"]
[Source "J.Saunders"]
[SourceDate "1998.06.06"]

1. e4 e6 2. d4 d5 3. Nc3 Bb4 4. e5 c5 5. a3 Bxc3+ 6. bxc3 Nc6 7. Qg4 g6 8. Nf3
Qa5 9. Bd2 Qa4 10. Ra2 Bd7 11. Qf4 h6 12. h4 c4 13. Be2 Rh7 14. O-O O-O-O 15.
Nh2 Rf8 16. Ng4 Qa5 17. Re1 Qd8 18. g3 f5 19. exf6 Nxf6 20. Nxf6 Rxf6 21. Qd6
g5 22. h5 Rhf7 23. Be3 Qa5 24. Rd1 Qxc3 25. Bg4 Qa5 26. a4 Qc7 27. Qa3 e5 28.
Bxd7+ Rxd7 29. c3 e4 30. a5 Qd6 31. Qa4 Rf3 32. Kg2 Rdf7 33. a6 b6 34. Re1 Qd7
35. Rb2 Na5 36. Rb5 Nb3 37. Qb4 R7f6 38. Re2 Kd8 39. Kh2 Ke8 40. Kg2 Kf7 41.
Kh2 Kg7 42. Rb2 Qf7 43. Kg2 Rxe3 44. fxe3 Rf1 0-1

[Event "NCL967 BCM-Hertford"]
[Site "Rd5"]
[Date "1997.??.??"]
[Round "5.2"]
[White "Duncan, Chris"]
[Black "Norwood, David"]
[Result "0-1"]
[WhiteElo "2340"]
[BlackElo "2520"]
[PlyCount "81"]
[EventDate "1997.01.25"]
[Source "J.Saunders"]
[SourceDate "1998.06.06"]

1. c4 g6 2. g3 Bg7 3. Bg2 c5 4. Nc3 Nc6 5. e3 e5 6. Nge2 Nge7 7. O-O d6 8. d3
h5 9. h4 Bg4 10. Nd5 Qd7 11. Rb1 g5 12. hxg5 h4 13. f3 Be6 14. g4 h3 15. Bh1
h2+ 16. Kf2 Nxd5 17. cxd5 Bxd5 18. b3 O-O-O 19. Ng3 f6 20. b4 cxb4 21. Qa4 fxg5
22. e4 Be6 23. Be3 Kb8 24. Rxb4 Nd4 25. Nh5 Qxa4 26. Rxa4 Bf8 27. Bxg5 Rc8 28.
Rc1 Rxc1 29. Bxc1 b5 30. Rb4 d5 31. Rb1 dxe4 32. Be3 b4 33. Rb2 exf3 34. Nf4
Bf7 35. Bxd4 exf4 36. Kxf3 Bd6 37. Ke4 Re8+ 38. Kf5 Re1 39. Rxh2 Rf1 40. Rh8+
Kc7 41. Rh7 0-1

[Event "NCL967 BCM-Hertford"]
[Site "Rd5"]
[Date "1997.??.??"]
[Round "5.3"]
[White "Mestel, Jonathan"]
[Black "Swanson, Stephen"]
[Result "1-0"]
[WhiteElo "2510"]
[BlackElo "2265"]
[PlyCount "121"]
[EventDate "1997.01.25"]
[Source "J.Saunders"]
[SourceDate "1998.06.06"]

1. c4 d6 2. Nc3 e5 3. g3 Nf6 4. Bg2 Be7 5. d3 O-O 6. Nf3 Nc6 7. O-O h6 8. Rb1
Be6 9. b4 Qc8 10. Re1 Re8 11. e3 Bf8 12. Nd2 a5 13. b5 Nb4 14. Nde4 Nxe4 15.
Bxe4 f5 16. Bg2 e4 17. dxe4 Bxc4 18. Bh3 Nxa2 19. Qd4 Be6 20. Nxa2 Bxa2 21.
Bxf5 Be6 22. Bg6 Rd8 23. Bb2 c5 24. bxc6 bxc6 25. Ba1 c5 26. Qc3 Qa6 27. f4 d5
28. exd5 Bxd5 29. Bc2 Qc4 30. e4 Qxc3 31. Bxc3 Bc6 32. Rb6 Be8 33. e5 c4 34.
Kf1 Bc5 35. Rb7 Bd4 36. Bxd4 Rxd4 37. Re4 Rad8 38. Rxd4 Rxd4 39. Ke1 a4 40. Rb8
Kf7 41. Rb7+ Rd7 42. Rb4 Ra7 43. Rxc4 Ke7 44. Bb1 Rb7 45. Be4 Rb2 46. Rc7+ Ke6
47. Rc2 Rxc2 48. Bxc2 Kd5 49. Kd2 Kd4 50. Kc1 a3 51. Kb1 Bf7 52. Bf5 Kc5 53.
Bd7 Bb3 54. h4 Kd5 55. Ka1 g5 56. e6 Kd6 57. fxg5 hxg5 58. h5 g4 59. h6 Bc2 60.
Ka2 Ke7 61. Kxa3 1-0

[Event "NCL967 BCM-Hertford"]
[Site "Rd5"]
[Date "1997.??.??"]
[Round "5.4"]
[White "Coleman, David"]
[Black "Giddins, Steve"]
[Result "1/2-1/2"]
[WhiteElo "2280"]
[BlackElo "2345"]
[PlyCount "52"]
[EventDate "1997.01.25"]
[Source "J.Saunders"]
[SourceDate "1998.06.06"]

1. e4 e6 2. d4 d5 3. Nc3 Bb4 4. e5 c5 5. a3 Bxc3+ 6. bxc3 Ne7 7. Qg4 cxd4 8.
Bd3 Qa5 9. Ne2 O-O 10. Bg5 Nbc6 11. f4 dxc3 12. O-O Ng6 13. Qh5 Qc5+ 14. Kh1
Nce7 15. Rf3 f6 16. Rh3 fxg5 17. Qxh7+ Kf7 18. Rh6 Nxf4 19. Nxf4 gxf4 20. Rf6+
Ke8 21. Qh5+ g6 22. Bxg6+ Nxg6 23. Qxg6+ Ke7 24. Qg7+ Ke8 25. Qg6+ Ke7 26. Qg7+
Ke8 1/2-1/2

[Event "NCL967 BCM-Hertford"]
[Site "Rd5"]
[Date "1997.??.??"]
[Round "5.5"]
[White "Cafferty, Bernard"]
[Black "Dearing, Eddie"]
[Result "1/2-1/2"]
[WhiteElo "2240"]
[BlackElo "2185"]
[PlyCount "120"]
[EventDate "1997.01.25"]
[Source "J.Saunders"]
[SourceDate "1998.06.06"]

1. c4 e6 2. Nf3 d5 3. b3 c6 4. Bb2 f5 5. g3 Nf6 6. Bg2 Bd6 7. O-O O-O 8. d3
Nbd7 9. Nbd2 e5 10. e4 fxe4 11. dxe4 d4 12. Ne1 b5 13. Nd3 Nc5 14. Qc2 Nxd3 15.
Qxd3 Qb6 16. Rac1 Nd7 17. Qc2 Bb4 18. Nf3 Ba6 19. c5 Bxc5 20. b4 Bxb4 21. Qb3+
Kh8 22. Qxb4 c5 23. Qb3 b4 24. Rfd1 Be2 25. Rd2 c4 26. Rxc4 Bxc4 27. Qxc4 Rac8
28. Qd5 Qc7 29. Ng5 Nb6 30. Qb3 Qe7 31. h4 a5 32. Rc2 a4 33. Qd3 Rxc2 34. Qxc2
h6 35. Nf3 Rc8 36. Qd3 a3 37. Bxd4 exd4 38. Qxd4 Qc5 39. Qd3 Nc4 40. Bh3 Rf8
41. Be6 Ne5 42. Nxe5 Qxe5 43. Bd5 Qc3 44. Qe2 Rd8 45. Kg2 Rb8 46. Qa6 Qd2 47.
Qd6 Rc8 48. Qe7 Qd4 49. Bb3 Qc5 50. Qe6 Rf8 51. f4 Rd8 52. e5 Qc8 53. Qg6 Rd2+
54. Kf3 Rb2 55. Be6 Qa8+ 56. Kg4 b3 57. Bf5 Qg8 58. Be6 Qd8 59. Bf5 Qd1+ 60.
Kh3 Qf1+ 1/2-1/2

[Event "NCL967 BCM-Hertford"]
[Site "Rd5"]
[Date "1997.??.??"]
[Round "5.6"]
[White "Cheal, Barry"]
[Black "Bellin, Jana"]
[Result "1/2-1/2"]
[WhiteElo "2064"]
[BlackElo "2215"]
[PlyCount "125"]
[EventDate "1997.01.25"]
[Source "J.Saunders"]
[SourceDate "1998.06.06"]

1. e4 c5 2. Nf3 e6 3. d4 cxd4 4. Nxd4 a6 5. Nc3 Qc7 6. Be2 b5 7. Be3 Bb7 8. a3
Nf6 9. Qd3 Nc6 10. Nxc6 dxc6 11. Rd1 Be7 12. Bf3 Rd8 13. Qe2 O-O 14. O-O Bd6
15. g3 c5 16. Bg5 Be5 17. Rxd8 Rxd8 18. Nd1 h6 19. Bc1 Qc6 20. Re1 Nxe4 21. Kg2
Bc7 22. b3 Ba5 23. Bxe4 Qxe4+ 24. Qxe4 Bxe4+ 25. Rxe4 Rxd1 26. Be3 Rd5 27. c4
Rd3 28. cxb5 axb5 29. b4 cxb4 30. axb4 Bc7 31. Bc5 Bd6 32. Re2 Bxc5 33. bxc5
Rc3 34. Re5 b4 35. Re4 b3 36. Rb4 g5 37. h3 Kf8 38. Rb7 f5 39. c6 Rxc6 40. Rxb3
Kf7 41. Rb7+ Kf6 42. Rh7 Kg6 43. Re7 h5 44. Re8 h4 45. gxh4 gxh4 46. Rh8 Rc4
47. Re8 Kf6 48. Rf8+ Ke5 49. Rh8 Kd5 50. Re8 e5 51. Rh8 Rf4 52. Ra8 Rc4 53. Rh8
f4 54. Rh7 e4 55. Rxh4 e3 56. Kf3 exf2 57. Rh5+ Kd4 58. Kxf2 Ke4 59. Ra5 Rc2+
60. Kf1 Rc3 61. Kf2 Rxh3 62. Ra4+ Kf5 63. Ra8 1/2-1/2

[Event "NCL967 BCM-Hertford"]
[Site "Rd5"]
[Date "1997.??.??"]
[Round "5.7"]
[White "Anderton, David"]
[Black "Denton, John"]
[Result "0-1"]
[WhiteElo "2200"]
[BlackElo "2008"]
[PlyCount "110"]
[EventDate "1997.01.25"]
[Source "J.Saunders"]
[SourceDate "1998.06.06"]

1. d4 Nf6 2. c4 e6 3. Nc3 Bb4 4. e3 b6 5. Nge2 Ba6 6. a3 Be7 7. Nf4 d5 8. cxd5
Bxf1 9. Kxf1 exd5 10. Qf3 c6 11. g4 g5 12. Nh5 Nxh5 13. gxh5 Na6 14. Rg1 h6 15.
e4 dxe4 16. Qxe4 Qd7 17. d5 Nc5 18. Qf3 cxd5 19. Nxd5 Rd8 20. Nxe7 Kxe7 21. Be3
Ne6 22. Kg2 Qd5 23. Rgd1 Qxf3+ 24. Kxf3 f5 25. Rxd8 Rxd8 26. Re1 Kf6 27. b4 Rd3
28. Ra1 Nd4+ 29. Kg2 Nc2 30. Rc1 Nxe3+ 31. fxe3 Rxe3 32. Rc6+ Re6 33. Rc7 a6
34. Rh7 Ke5 35. Ra7 b5 36. Rg7 f4 37. Kf3 Kf5 38. Rf7+ Rf6 39. Rg7 Re6 40. Rf7+
Ke5 41. Rg7 Kd5 42. Kg4 Re2 43. Rg6 Rxh2 44. Rxh6 Rg2+ 45. Kf3 Rg3+ 46. Kf2
Rxa3 47. Rg6 Ke4 48. Rxg5 Rh3 49. Rg6 Rh2+ 50. Kg1 Rxh5 51. Rxa6 Rf5 52. Kf2
Kd5 53. Ra1 Kc4 54. Rb1 Rd5 55. Kf3 Rd4 0-1

[Event "NCL967 BCM-Hertford"]
[Site "Rd5"]
[Date "1997.??.??"]
[Round "5.8"]
[White "Badger, Jo"]
[Black "Wareing, John"]
[Result "0-1"]
[WhiteElo "1744"]
[BlackElo "1888"]
[PlyCount "86"]
[EventDate "1997.01.25"]
[Source "J.Saunders"]
[SourceDate "1998.06.06"]

1. e4 c5 2. Nc3 e6 3. f4 Nc6 4. Nf3 a6 5. a4 d6 6. d3 Nf6 7. Be2 Be7 8. O-O O-O
9. Bd2 Rb8 10. Qe1 Qc7 11. Nh4 Nd4 12. Bd1 Bd7 13. Ne2 Nc6 14. Ng3 b5 15. axb5
axb5 16. f5 Ne5 17. fxe6 fxe6 18. Nh5 Nxh5 19. Rxf8+ Rxf8 20. Bxh5 b4 21. Qg3
Bb5 22. Bg4 Qd7 23. Ra5 Bf6 24. Bxe6+ Qxe6 25. Rxb5 Bxh4 26. Qxh4 Qg6 27. Qg3
Qf7 28. Qe1 Qg6 29. Qg3 Qh5 30. Rb7 g6 31. Be1 Qe2 32. Bf2 Ng4 33. Qh4 Qxf2+
34. Qxf2 Nxf2 35. Rd7 Rf6 36. Rd8+ Kg7 37. Rd7+ Kg8 38. Rd8+ Kf7 39. Rd7+ Ke6
40. Rxh7 Nd1 41. Ra7 Ne3 42. h3 Nxc2 43. Ra8 Ke5 0-1

[Event "NCL967 Invicta Kts-Na Fianna"]
[Site "Rd5"]
[Date "1997.??.??"]
[Round "5.1"]
[White "King, Danny"]
[Black "Nunn, John"]
[Result "1/2-1/2"]
[WhiteElo "2535"]
[BlackElo "2605"]
[PlyCount "42"]
[EventDate "1997.01.25"]
[Source "J.Saunders"]
[SourceDate "1998.06.06"]

1. c4 g6 2. g3 Nf6 3. Bg2 c6 4. Nf3 Bg7 5. Nc3 d5 6. cxd5 cxd5 7. d4 O-O 8. Ne5
e6 9. O-O Nfd7 10. f4 f6 11. Nd3 Nc6 12. e3 f5 13. Bd2 Nf6 14. Rc1 Bd7 15. Ne5
Re8 16. Re1 Rc8 17. Bf1 Bf8 18. h3 Qb6 19. Na4 Qd8 20. Nc3 Qb6 21. Na4 Qd8
1/2-1/2

[Event "NCL967 Invicta Kts-Na Fianna"]
[Site "Rd5"]
[Date "1997.??.??"]
[Round "5.2"]
[White "McDonald, Neil"]
[Black "O'Shaughnessy, Conor"]
[Result "1-0"]
[WhiteElo "2500"]
[BlackElo "2260"]
[PlyCount "71"]
[EventDate "1997.01.25"]
[Source "J.Saunders"]
[SourceDate "1998.06.06"]

1. e4 c5 2. Nf3 d6 3. d4 cxd4 4. Nxd4 Nf6 5. Nc3 a6 6. Bg5 e6 7. f4 Nbd7 8. Qf3
Qc7 9. O-O-O b5 10. Bd3 Bb7 11. Rhe1 h6 12. Bh4 Be7 13. a3 Rc8 14. Kb1 g5 15.
fxg5 Ne5 16. Qe2 Nfd7 17. Qh5 Nc5 18. gxh6 Bxh4 19. Qxh4 Qe7 20. Qf2 Rxh6 21.
h3 Qf6 22. Qe3 Qg7 23. Bf1 Rf6 24. g4 Qh7 25. g5 Rxf1 26. Rxf1 Nxe4 27. Nxe4
Bxe4 28. Rf2 Nc4 29. Qf4 e5 30. Qg4 Rc7 31. Re1 d5 32. Nf5 Qg6 33. Rxe4 dxe4
34. Qxe4 Qxg5 35. Qa8+ Qd8 36. Ng7+ 1-0

[Event "NCL967 Invicta Kts-Na Fianna"]
[Site "Rd5"]
[Date "1997.??.??"]
[Round "5.3"]
[White "Lyell, Mark"]
[Black "Ward, Chris"]
[Result "0-1"]
[WhiteElo "2235"]
[BlackElo "2460"]
[PlyCount "82"]
[EventDate "1997.01.25"]
[Source "J.Saunders"]
[SourceDate "1998.06.06"]

1. e4 c5 2. c3 d5 3. exd5 Qxd5 4. d4 Nf6 5. Nf3 Bg4 6. Nbd2 Nc6 7. Bc4 Bxf3 8.
Qxf3 Qxf3 9. Nxf3 cxd4 10. Nxd4 Nxd4 11. cxd4 e6 12. Bb5+ Nd7 13. Be3 a6 14.
Ba4 Bd6 15. Ke2 Ke7 16. Bc2 Nf6 17. Bg5 Rad8 18. Rad1 h6 19. Bxf6+ Kxf6 20. Be4
Rd7 21. d5 e5 22. h4 h5 23. Rc1 g6 24. Rh3 Ke7 25. Rhc3 Bb8 26. Rc8 Rxc8 27.
Rxc8 Ba7 28. f3 f5 29. Bc2 Bd4 30. b3 Kf6 31. Rg8 Rxd5 32. g4 hxg4 33. fxg4 e4
34. g5+ Kf7 35. b4 Kxg8 36. Bb3 b6 37. Bxd5+ Kg7 38. Bb7 Be5 39. a4 Bg3 40. a5
bxa5 41. bxa5 Bxh4 0-1

[Event "NCL967 Invicta Kts-Na Fianna"]
[Site "Rd5"]
[Date "1997.??.??"]
[Round "5.4"]
[White "Berend Sakhatova, Elvira"]
[Black "McMichael, Rick"]
[Result "1-0"]
[WhiteElo "2325"]
[BlackElo "2200"]
[PlyCount "67"]
[EventDate "1997.01.25"]
[Source "J.Saunders"]
[SourceDate "1998.06.06"]

1. d4 f5 2. Nf3 e6 3. g3 Nf6 4. Bg2 Be7 5. O-O O-O 6. c4 d5 7. Nc3 c6 8. b3
Nbd7 9. Ng5 Nb6 10. c5 h6 11. Nh3 Nbd7 12. Nf4 Nb8 13. Ng6 Rf7 14. b4 Nbd7 15.
b5 Kh7 16. Nxe7 Qxe7 17. bxc6 bxc6 18. Qa4 Nb8 19. Bf4 Qe8 20. Rab1 Na6 21. Be5
Ne4 22. Nxe4 fxe4 23. f3 exf3 24. exf3 Nc7 25. Rfe1 Nb5 26. Re3 Kh8 27. Qc2 a5
28. Qg6 Qe7 29. Qxh6+ Kg8 30. Qg6 a4 31. Bf1 Rf5 32. Bd3 Rg5 33. Qh7+ Kf8 34.
Bxb5 1-0

[Event "NCL967 Invicta Kts-Na Fianna"]
[Site "Rd5"]
[Date "1997.??.??"]
[Round "5.5"]
[White "Mackenzie, Colin"]
[Black "Gormally, Danny"]
[Result "0-1"]
[WhiteElo "2096"]
[BlackElo "2300"]
[PlyCount "92"]
[EventDate "1997.01.25"]
[Source "J.Saunders"]
[SourceDate "1998.06.06"]

1. Nf3 Nf6 2. c4 g6 3. g3 Bg7 4. Bg2 O-O 5. O-O c5 6. Nc3 Nc6 7. d3 d5 8. cxd5
Nxd5 9. Bd2 Nc7 10. Qc1 Nd4 11. Bh6 Bg4 12. Bxg7 Kxg7 13. Ne5 Bc8 14. e3 Nf5
15. Ne4 f6 16. Qxc5 fxe5 17. Rac1 Nd5 18. Nd2 Be6 19. Ne4 Bg8 20. Ng5 b6 21.
Qc6 Rf6 22. Qa4 Nd6 23. e4 Nc7 24. d4 Nc4 25. dxe5 Nxe5 26. f4 Nd3 27. Rcd1 Rd6
28. Qc2 Nb5 29. e5 Rc8 30. Qe2 Rd4 31. a4 Nxb2 32. Rxd4 Qxd4+ 33. Kh1 Nc7 34.
Nf3 Qc3 35. Rb1 Nxa4 36. Bh3 Rd8 37. e6 Nc5 38. f5 Rd3 39. Rf1 Re3 40. Qd2 Rd3
41. Qe2 Nd5 42. Nh4 Rd2 43. Qb5 Qb2 44. Qe8 Rxh2+ 45. Kg1 Rxh3 46. Nf3 Rxg3+
0-1

[Event "NCL967 Invicta Kts-Na Fianna"]
[Site "Rd5"]
[Date "1997.??.??"]
[Round "5.6"]
[White "Harakis, Alexis"]
[Black "Pearce, Robin"]
[Result "0-1"]
[WhiteElo "2175"]
[BlackElo "2080"]
[PlyCount "84"]
[EventDate "1997.01.25"]
[Source "J.Saunders"]
[SourceDate "1998.06.06"]

1. d4 Nf6 2. c4 g6 3. Nc3 Bg7 4. e4 d6 5. f3 Nc6 6. Nge2 a6 7. Bg5 Rb8 8. Qd2
b5 9. cxb5 axb5 10. d5 Ne5 11. Nd4 Bd7 12. Bh6 Bxh6 13. Qxh6 b4 14. Nd1 c5 15.
Nc2 c4 16. Nce3 Bb5 17. a4 Qa5 18. f4 b3+ 19. Nc3 Nxe4 20. Ned1 Nxc3 21. Nxc3
Ng4 22. Qg7 Rf8 23. Qd4 Rc8 24. Be2 Nf6 25. O-O Ba6 26. Ne4 Nxe4 27. Qxe4 c3
28. Bxa6 Qxa6 29. bxc3 Rxc3 30. Qb4 Qc4 31. Qb8+ Qc8 32. Qb5+ Kd8 33. Rab1 Qc5+
34. Kh1 Qxb5 35. axb5 Kd7 36. Rf3 Rfc8 37. Kg1 Rc1+ 38. Rf1 R1c3 39. b6 Rb8 40.
Rf3 Rxf3 41. gxf3 Rxb6 42. Kf2 e6 0-1

[Event "NCL967 Invicta Kts-Na Fianna"]
[Site "Rd5"]
[Date "1997.??.??"]
[Round "5.7"]
[White "Connolly, Suzanne"]
[Black "Gurr, Lyndon"]
[Result "1/2-1/2"]
[WhiteElo "1840"]
[BlackElo "2048"]
[PlyCount "122"]
[EventDate "1997.01.25"]
[Source "J.Saunders"]
[SourceDate "1998.06.06"]

1. e4 e6 2. d4 d5 3. Nd2 c5 4. exd5 exd5 5. Ngf3 Nc6 6. Bb5 Bd6 7. dxc5 Bxc5 8.
O-O Nge7 9. Nb3 Bd6 10. Nbd4 O-O 11. c3 Bg4 12. Qd3 Bh5 13. Bg5 Qc7 14. h3 a6
15. Ba4 Rfe8 16. Rfe1 h6 17. Bxe7 Rxe7 18. Rxe7 Nxe7 19. Bc2 Bg6 20. Qe2 Qc4
21. Bxg6 Nxg6 22. Qxc4 dxc4 23. g3 Kf8 24. Rd1 Bc7 25. Kf1 Rd8 26. Ke2 Rd5 27.
Nc2 Rxd1 28. Kxd1 Ne5 29. Nxe5 Bxe5 30. f4 Bb8 31. Ne3 b5 32. Nd5 Ke8 33. Nb4
a5 34. Nc6 Bc7 35. Nd4 b4 36. cxb4 axb4 37. Nc6 Bd6 38. Kc2 h5 39. Na5 c3 40.
bxc3 bxc3 41. Kxc3 h4 42. g4 Bxf4 43. Nc4 Kd7 44. Kd4 g6 45. Ke4 Bg3 46. Kd5 f6
47. a4 Bf4 48. a5 f5 49. gxf5 gxf5 50. Ne5+ Kc7 51. Ke6 Bd2 52. Nc4 Be1 53.
Kxf5 Kc6 54. Ne5+ Kb5 55. Nf3 Bf2 56. Kg4 Kxa5 57. Nxh4 Kb5 58. Nf5 Kc6 59. Ng3
Kd7 60. h4 Ke6 61. h5 Bxg3 1/2-1/2

[Event "NCL967 Invicta Kts-Na Fianna"]
[Site "Rd5"]
[Date "1997.??.??"]
[Round "5.8"]
[White "Howell, Chris"]
[Black "O'Siochru, Mairead"]
[Result "1-0"]
[WhiteElo "2160"]
[BlackElo "1880"]
[PlyCount "49"]
[EventDate "1997.01.25"]
[Source "J.Saunders"]
[SourceDate "1998.06.06"]

1. e4 c6 2. d4 d5 3. e5 Bf5 4. Nf3 e6 5. Be2 c5 6. O-O Nc6 7. c3 Nge7 8. dxc5
Ng6 9. b4 Ngxe5 10. Nxe5 Nxe5 11. Bf4 Nd7 12. Na3 a6 13. c4 Be7 14. cxd5 Bf6
15. c6 bxc6 16. dxc6 Ne5 17. Qxd8+ Rxd8 18. Bxa6 Nxc6 19. Bb5 Be4 20. Rac1 Rc8
21. Nc4 O-O 22. Nd6 Bd5 23. Nxc8 Rxc8 24. Bxc6 Bxc6 25. b5 1-0

[Event "NCL967 SW Dragons-Wessex"]
[Site "Rd5"]
[Date "1997.01.25"]
[Round "5.1"]
[White "Cooper, John"]
[Black "Poulton, James"]
[Result "1/2-1/2"]
[WhiteElo "2370"]
[BlackElo "2360"]
[PlyCount "62"]
[EventDate "1997.01.25"]
[Source "J.Saunders"]
[SourceDate "1998.06.06"]

1. d4 Nf6 2. c4 c5 3. d5 b5 4. cxb5 a6 5. bxa6 g6 6. Nc3 Bxa6 7. g3 d6 8. Bg2
Bg7 9. Nf3 Nbd7 10. O-O O-O 11. Qc2 Qc7 12. Rd1 Nb6 13. Bf4 Nc4 14. b3 Na3 15.
Qc1 Nb5 16. Nxb5 Bxb5 17. Nd4 Qd7 18. Nxb5 Qxb5 19. Bf3 Rfc8 20. Bh6 Bh8 21.
Qe3 Rc7 22. a4 Qa5 23. Rac1 Rb8 24. Rc4 Rcb7 25. Kg2 Qd8 26. Rd3 Nd7 27. Bf4
Bd4 28. Rdxd4 cxd4 29. Qxd4 Rxb3 30. h4 Nf6 31. Be3 Nd7 1/2-1/2

[Event "NCL967 SW Dragons-Wessex"]
[Site "Rd5"]
[Date "1997.01.25"]
[Round "5.2"]
[White "Corkett, Anthony"]
[Black "James, David J"]
[Result "1-0"]
[WhiteElo "2285"]
[BlackElo "2260"]
[PlyCount "85"]
[EventDate "1997.01.25"]
[Source "J.Saunders"]
[SourceDate "1998.06.06"]

1. Nf3 Nf6 2. g3 c5 3. Bg2 Nc6 4. O-O e5 5. d3 d5 6. e4 d4 7. a4 Be7 8. Na3 O-O
9. Nc4 Qc7 10. Ne1 Nd7 11. f4 b6 12. Nf3 a6 13. Bh3 Bf6 14. f5 Rb8 15. g4 h6
16. Rf2 b5 17. axb5 axb5 18. Na3 Qd8 19. Bf1 Bg5 20. Bxg5 hxg5 21. Qd2 f6 22.
h4 gxh4 23. Nxh4 Kf7 24. Ng6 Rg8 25. Rh2 Ne7 26. Nxe7 Kxe7 27. c4 b4 28. Nb5
Rh8 29. Nc7 Rxh2 30. Nd5+ Kf7 31. Qxh2 Kg8 32. Be2 Bb7 33. Kf2 Bxd5 34. exd5 e4
35. dxe4 Ne5 36. g5 d3 37. g6 dxe2 38. Qh7+ Kf8 39. Qh8+ Ke7 40. Qxg7+ Ke8 41.
Ra7 Qd6 42. Qh8+ Qf8 43. g7 1-0